00313nam a2200121Ia 45000030006000000080041000060400015000471000029000622450037000912600034001285460012001620050017001740STCL150530s9999 xx 000 0 und d aSTCLcSTCL aShelley; Mathews; Editor aShelley selected poems and prose bOxford University pressc1964 aEnglish20220125170926.0